| 000 | 00393nam a22001577a 4500 | ||
|---|---|---|---|
| 003 | NUST | ||
| 020 | _a9780747593775 | ||
| 082 | _a808.83,HOS | ||
| 100 | _aHosseini, Khaled | ||
| 245 |
_aA Thousand Splendid Suns / _cKhaled Hosseini, |
||
| 260 |
_aBloomsbury _bLondon _c2008 |
||
| 300 | _a419 p | ||
| 650 |
_aKit Runner _9109978 |
||
| 651 |
_aEnglish Literature _9108138 |
||
| 942 |
_2ddc _cFIC |
||
| 999 |
_c593291 _d593291 |
||